Sports Quiz

Random Sports or NFL Quiz

Top 10 Fantasy Football scorers at each position Quiz Stats

 Plays Quiz not verified by Sporcle

Also try: Sports Lingo
Challenge
Share
Tweet
Embed
Score 0/60 Timer 10:00
0 Plays Today
Position Player % Correct
Tom Brady
99.4%
Peyton Manning
98.3%
WRCalvin Johnson
96.1%
Andre Johnson
96.1%
QBDrew Brees
95.5%
Aaron Rodgers
93.3%
Robert Griffin
91.6%
RBAdrian Peterson
91.1%
Julio Jones
90.5%
Matt Ryan
88.8%
Cam Newton
87.2%
Andrew Luck
86.6%
Matt Stafford
84.9%
Vincent Jackson
84.9%
Rob Gronkowski
83.8%
Arian Foster
83.2%
Roddy White
82.7%
Tony Romo
82.1%
TETony Gonzalez
80.4%
Ray Rice
79.9%
San Francisco 49ers
79.9%
Jimmy Graham
78.2%
Seattle Seahawks
78.2%
AJ Green
77.7%
Dez Bryant
76%
Matt Bryant
76%
Jason Witten
75.4%
DEFChicago Bears
75.4%
Frank Gore
74.9%
Marshawn Lynch
73.7%
Position Player % Correct
Brandon Marshall
72.1%
New England Patriots
70.4%
Doug Martin
69.3%
Jamaal Charles
69.3%
Denver Broncos
68.7%
Alfred Morris
67.6%
Heath Miller
67.6%
Demaryius Thomas
67%
Houston Texans
67%
New York Giants
67%
Eric Decker
60.9%
David Akers
59.2%
Trent Richardson
57%
Atlanta Falcons
57%
CJ Spiller
56.4%
St Louis Rams
53.6%
Greg Olsen
50.3%
KStephen Gostkowski
49.7%
Owen Daniels
49.2%
San Diego Chargers
48%
Dennis Pitta
45.3%
Jermaine Gresham
45.3%
Kyle Rudolph
43%
Sebastian Janikowski
42.5%
Lawrence Tynes
38.5%
Blair Walsh
35.8%
Jason Hanson
34.1%
Matt Prater
29.1%
Justin Tucker
26.8%
Connor Barth
17.3%

You're not logged in!

Compare scores with friends on all Sporcle quizzes.
Join for Free
OR
Log In

You Might Also Like...

Show Comments

Extras

Top Quizzes Today


Score Distribution

Your Account Isn't Verified!

In order to create a playlist on Sporcle, you need to verify the email address you used during registration. Go to your Sporcle Settings to finish the process.

Report this User

Report this user for behavior that violates our Community Guidelines.

Details: